Patentes de invención en Costa Rica: un enfoque económico, avance de investigación

Guardado en:
Bibliografiske detaljer
Hovedforfatter: Weisleder Weisleder, Saúl
Institution som forfatter: Universidad Nacional. Vicerrectoría de Investigación. Departamento de Economía
Format: Texto
Udgivet: Heredia: Universidad Nacional
Tags: Tilføj Tag
Ingen Tags, Vær først til at tagge denne postø!

MARC

LEADER 00000 a a2200000 04500
001 20383
003
040
090 |a 085000  
100 |a Weisleder Weisleder, Saúl  
110 |a Universidad Nacional. Vicerrectoría de Investigación. Departamento de Economía  
245 |a Patentes de invención en Costa Rica: un enfoque económico, avance de investigación  
260 |a Heredia:   |b Universidad Nacional  
300 |a 26 p  
999 |c 3556  |d 3556